00569nam a2200169Ia 4500008004100000020001800041041000800059082001800067100004300085245002400128250000600152260006400158300001100222650002000233999001900253952012700272210716s2010 xx 000 0 und d a9780071074049 aeng a174.9371 MENM aMendonca, Manuel; Kanungo, Rabindra N. aEthical leadership. a1 aNew DelhibTata McGraw Hill Education Private Limitedc2010 axi,156 aBusiness Ethics c207190d207190 001040708MBAaAIMITbAIMITd2012-03-01g325.00l0o174.9371 MENMpMBA09756r2026-05-23 00:00:00v243.75w2021-07-16yBK